000 00718nam a2200229Ia 4500
001 17171
003 GE_BSU
008 181216s||||||||xx |||||||||||||| ||und||
040 _cGE_BSU
080 _a821.161.1-2
100 _aპოპოვი, ი.
245 _aოჯახი : დრამა 4 მოქმ. 10 სურ.
245 _cთარგმ. მიხეილ ჯაფარიძისა. რედ.დ. ფანჩულიძე
260 _aთბილისი
260 _bსაბჭ. მწერალი
260 _c1951
300 _a100გვ. ; 19სმ.
653 _aდრამა
653 _aმოთხრობა
653 _aოჯახი
942 _cBK
999 _c50233
_d50233